IPD monthly index (Record no. 118038)
[ view plain ]
| 000 -LEADER | |
|---|---|
| fixed length control field | 01086cam a2200241 4500 |
| 001 - CONTROL NUMBER | |
| control field | WB@3612-177 |
| 008 - FIXED-LENGTH DATA ELEMENTS--GENERAL INFORMATION | |
| fixed length control field | 040923n2004 000 0 eng u |
| 035 ## - SYSTEM CONTROL NUMBER | |
| System control number | (Sirsi) u127498 |
| 245 ## - TITLE STATEMENT | |
| Title | IPD monthly index |
| 260 ## - PUBLICATION, DISTRIBUTION, ETC. | |
| Date of publication, distribution, etc. | 2004 |
| 490 ## - SERIES STATEMENT | |
| Series statement | Estates Gazette |
| Volume/sequential designation | (0438) 18 September 2004 62 (1) |
| 520 ## - SUMMARY, ETC. | |
| Summary, etc. | The latest "IPD monthly index" has been released. It shows that all-property return over the last 12 months continued to rise, reaching 16.6% to August 2004. For the month of August alone it was 1.2%. In the retail and office sectors returns rose. Retail returns rose to 20.3% - a 10-year record - whole offices reached a three-year high of 10%. Rents continued to increase for retails while in the office market rental decline slowed. |
| 590 ## - LOCAL NOTE (RLIN) | |
| Local note | WB |
| 590 ## - LOCAL NOTE (RLIN) | |
| Local note | WB |
| 650 ## - SUBJECT ADDED ENTRY--TOPICAL TERM | |
| Topical term or geographic name entry element | IPD MONTHLY INDEX |
| 650 ## - SUBJECT ADDED ENTRY--TOPICAL TERM | |
| Topical term or geographic name entry element | Investments |
| 9 (RLIN) | 6250 |
| 650 ## - SUBJECT ADDED ENTRY--TOPICAL TERM | |
| Topical term or geographic name entry element | PROPERTY-COMMERCIAL PROPERTY-RETAIL PROPERTY-RETAIL PROPERTY MARKET |
| 650 ## - SUBJECT ADDED ENTRY--TOPICAL TERM | |
| Topical term or geographic name entry element | OFFICE MARKET |
| 650 ## - SUBJECT ADDED ENTRY--TOPICAL TERM | |
| Topical term or geographic name entry element | INDUSTRIAL GROWTH |
| 650 ## - SUBJECT ADDED ENTRY--TOPICAL TERM | |
| Topical term or geographic name entry element | PROPERTY RETURNS |
| 690 ## - LOCAL SUBJECT ADDED ENTRY--TOPICAL TERM (OCLC, RLIN) | |
| Topical term or geographic name as entry element | COMMERCIAL PROPERTY-MARKET |
| 942 ## - ADDED ENTRY ELEMENTS (KOHA) | |
| Suppress in OPAC | 0 |
| Withdrawn status | Lost status | Source of classification or shelving scheme | Damaged status | Not for loan | Home library | Current library | Shelving location | Date acquired | Total Checkouts | Full call number | Barcode | Date last seen | Copy number | Price effective from | Koha item type |
|---|---|---|---|---|---|---|---|---|---|---|---|---|---|---|---|
| Dewey Decimal Classification | London | London | News article | 23/09/2004 | WB4036-02 | 127498-1001 | 06/08/2019 | 1 | 06/08/2019 | News article |